Máy thu hình bán dẫn

Các mạch điển hình trong máy thu hình bán dẫn. Một số linh kiện thường gặp, khối đổi kênh, tầng khuyếch đại, tầng tách sóng, tầng tạo điện áp tự điều khuyếch. Các khối đồng bộ, quét màn, quét dòng, khối nguồn nuôi và một số mạch cải tiến trong máy thu hình...

وصف كامل

محفوظ في:
التفاصيل البيبلوغرافية
المؤلف الرئيسي: Nuyễn Hữu Thông
التنسيق: كتاب
اللغة:Vietnamese
منشور في: Hà Nội Khoa học và kỹ thuật 1985
الموضوعات:
الوسوم: إضافة وسم
لا توجد وسوم, كن أول من يضع وسما على هذه التسجيلة!
Thư viện lưu trữ: Mạng thư viện Đại học Đà Nẵng
LEADER 01393nam a2200337 4500
001 000008256
003 4441
005 20111024151001.0
008 111014s1985 viesd
020 |c 37.00 đ 
041 0 |a vie 
082 |a 621.388  |b NG-T 
100 0 |a Nuyễn Hữu Thông 
245 0 |a Máy thu hình bán dẫn  |c Nguyễn Hữu Thông 
260 |a Hà Nội  |b Khoa học và kỹ thuật  |c 1985 
300 |a 280tr.  |b hình vẽ  |c 19 cm 
500 |a thư mục cuối sách 
520 |a Các mạch điển hình trong máy thu hình bán dẫn. Một số linh kiện thường gặp, khối đổi kênh, tầng khuyếch đại, tầng tách sóng, tầng tạo điện áp tự điều khuyếch. Các khối đồng bộ, quét màn, quét dòng, khối nguồn nuôi và một số mạch cải tiến trong máy thu hình 
653 |a máy thu hình 
653 |a vô tuyến 
653 |a bán dẫn 
OWN |a LSP 
AVA |a UDN50  |b LSP  |d 621.388 NG-T  |e available  |t Error 5001 Not defined in file expand_doc_bib_avail.  |f 3  |g 1  |h N  |i 0  |k 1 
999 |a From the UDN01 
AVA |a UDN50  |b LSP  |d 621.388 NG-T  |e available  |t Error 5001 Not defined in file expand_doc_bib_avail.  |f 3  |g 1  |h N  |i 0  |k 1 
TYP |a Monograph 
TYP |a Printed language 
980 |a Mạng thư viện Đại học Đà Nẵng